000 01181cam a22002894a 4500
003 OSt
005 20140310182430.0
008 080204s2009 nyua b 001 0 eng
020 _a9780071494366 (pbk. : alk. paper)
020 _a0071494367 (pbk. : alk. paper)
050 0 0 _aRS 100
_b.D47 2009
245 0 0 _aPharmacy management :
_bessentials for all practice settings /
_cedited by; Shane P. Desselle, David P. Zgarrick.
250 _a2nd ed.
260 _aNew York :
_bMcGraw-Hill Medical,
_cc2009.
300 _axvii, 632 p. :
_bill. ;
_c24 cm.
541 _j1
562 _e1
650 0 _aPharmacy management.
_97785
650 1 2 _aPharmacies
_xorganization & administration.
_97786
700 1 _aDesselle, Shane P.
_97787
700 1 _aZgarrick, David P.
_97788
700 1 _aDesselle, Shane P.
_tPharmacy management.
_97789
856 4 2 _3Contributor biographical information
_uhttp://www.loc.gov/catdir/enhancements/fy0814/2008005181-b.html
856 4 2 _3Publisher description
_uhttp://www.loc.gov/catdir/enhancements/fy0814/2008005181-d.html
856 4 1 _3Table of contents only
_uhttp://www.loc.gov/catdir/toc/ecip0810/2008005181.html
942 _2lcc
_cSSLC
999 _c13349
_d13349